|
|
|
|
| LEADER |
01627nam a2200337 a 4500 |
| 001 |
27772 |
| 003 |
BD-DhAAL |
| 005 |
20240515105619.0 |
| 008 |
131121s2005 bg b 000 0 eng d |
| 010 |
|
|
|a 2005310497
|
| 020 |
|
|
|a 9843221478
|
| 040 |
|
|
|a DLC
|c DLC
|d DLC
|d BD-DhAAL
|
| 082 |
|
|
|a 346.5492016
|
| 245 |
0 |
0 |
|a বাংলাদেশে বিয়ে, উত্তরাধিকার এবং পারিবারিক আইন :
|b একটি সমন্বিত পরিবার নীতি /
|c অনুবাদক দরিয়ানূর বেগম, সম্পাদক পারভীন আহমেদ.
|
| 264 |
|
|
|a ঢাকা :
|b উইমেন ফর উইমেন,
|c ২০০৬.
|
| 300 |
|
|
|a ১২০ পৃষ্ঠা :
|b চিত্র ;
|c ২২ সে. মি.
|
| 500 |
|
|
|a "March 2005."
|
| 500 |
|
|
|a "UNESCO."
|
| 526 |
|
|
|a BIGD
|
| 541 |
1 |
|
|e 27772
|
| 650 |
|
0 |
|a Marriage law
|z Bangladesh.
|9 3548
|
| 650 |
|
0 |
|a Inheritance and succession
|z Bangladesh.
|9 3549
|
| 650 |
|
0 |
|a Domestic relations
|z Bangladesh.
|9 3550
|
| 700 |
|
|
|a বেগম, দরিয়ানূর.
|9 56378
|
| 700 |
|
|
|a আহমেদ, পারভীন.
|9 56379
|
| 710 |
2 |
|
|a উইমেন ফর উইমেন
|9 3551
|
| 710 |
2 |
|
|a ইউনেস্কো.
|9 3552
|
| 852 |
4 |
|
|a Ayesha Abed Library
|c General Stacks
|
| 942 |
|
|
|2 ddc
|c BK
|
| 999 |
|
|
|c 14097
|d 14097
|
| 952 |
|
|
|0 0
|1 0
|2 ddc
|4 0
|6 346_549201600000000_BAN
|7 0
|9 23717
|a BIGD
|b BIGD
|c GEN
|d 2013-11-21
|e Women for Women
|g 200.00
|l 0
|o 346.5492016 BAN
|p 3050027772
|r 2014-04-15
|t 1
|w 2013-11-21
|y BK
|x Women for Women ; transferred BDI to BIGD on 15.05.2024
|